Harry Potter and the Chamber of Secrets quiz - Statistics

General Stats
  • This quiz has been taken 77 times
    76 since last reset
  • The average score is 11 of 13
Answer Stats
Question Answer % Correct
What enchanted vehicle do Harry & Ron fly to Hogwarts? Car
100%
Who is the new Defense against the Dark Arts teacher? Gilderoy Lockhart
98%
What haunts the girl's bathroom? Moaning Myrtle
98%
Who sends Ron a Howler because he flew the vehicle? Molly Weasley
98%
What is Voldemort's human name? Tom Marvolo Riddle
98%
What creature was petrifying people? Basilisk
96%
Who opened the Chamber of Secrets? Ginny Weasley
96%
Who tries to stop Harry from going back to Hogwarts? Dobby
94%
What did the writing on the wall say the first time? "The Chamber of Secrets has been opened. Enemies of the heir, beware."
94%
Who loses their memory? Gilderoy Lockhart
92%
What did it say the second time? "Her skeleton will remain in the chamber forever"
77%
When was the book published? July 2nd, 1998
42%
Who went in the Chamber of Secrets first? Ginny Weasley
32%
No matching quizzes found
Score Distribution
Percent of People with Each Score
Percentile by Number Answered
Your Score History
You have not taken this quiz since the last reset